[Event "RUS-chT Blitz Men 2018"]
[Site "Sochi"]
[Date "2018.10.10"]
[Round "2"]
[White "Rakhmanov, Aleksandr"]
[Black "Bocharov, Ivan"]
[Result "1/2-1/2"]
[WhiteElo "2634"]
[BlackElo "2563"]
[Annotator "TA"]
[PlyCount "136"]
[EventDate "2018.10.10"]
[EventType "swiss"]
[EventCountry "RUS"]
[SourceTitle "playchess.com"]
[Source "ChessBase"]
[SourceQuality "1"]

{[%evp 11,136,4,10,6,2,11,60,72,89,84,146,63,57,46,51,46,122,75,99,37,71,64,72,59,47,66,147,59,71,-25,-36,-66,-62,-57,-58,-54,-34,-57,-50,-62,-61,-61,-35,-34,-18,-98,0,0,40,19,19,19,45,0,0,0,0,0,0,-18,0,0,0,0,0,-48,-56,-99,-87,-315,-59,-59,-59,-60,-60,-60,-60,-65,-67,-63,213,0,0,0,0,0,0,0,0,0,0,0,0,0,0,0,0,0,0,0,0,0,0,0,0,0,0,0,0,0,0,0,0,0,0,0,0,0,0,0,0,0,0,0,0,0,0]} 1. Nf3 Nf6 2. g3 d5 3. Bg2 c6 4. d4 Bf5 5. c4 e6 6. Nc3 h6 7. Qb3 {D11: Slav Defence: 3 Nf3 sidelines and 3...Nf6 4 e3 Bg4} Qb6 8. c5 Qa6 9. Bf1 $1 {aiming for e4.White is slightly better.} b5 $146 ({Predecessor:} 9... Be4 10. e3 Qa5 11. Qxb7 Bxf3 12. Qxa8 Qc7 13. Rg1 Bxc5 14. Ba6 O-O {½-½ (26) Lenderman,A (2623)-Friedel,J (2519) Manchester 2016}) 10. a4 $1 Nbd7 (10... Qa5 $142) 11. Ra2 (11. Qa2 $1 $16) 11... bxa4 $1 $14 12. Qxa4 Qxa4 13. Rxa4 e5 (13... Be7 $14) 14. e3 ({Don't play} 14. Nxe5 $6 Nxe5 15. dxe5 Nd7 $11) 14... Ne4 15. Be2 ({White should try} 15. Ra6 $16) 15... Be7 16. Ra6 Nb8 {And now ...exd4 would win.} 17. Nxe5 {Ra3 is the strong threat.} Nxa6 18. Bxa6 {Hoping for Bb7.} Nxc3 (18... Bc8 $14 19. Be2 Nxc3 20. bxc3 Bb7) 19. bxc3 (19. Bb7 $16 Rd8 20. bxc3 (20. Bxc6+ Kf8 $14)) 19... Bc8 $1 {[%cal Rc8a6]} 20. Bxc8 ({Better is} 20. Bd3 $16) 20... Rxc8 $11 21. Ba3 Bf6 22. Nd3 Rb8 $36 {[%mdl 2048] Black has the initiative.} 23. Kd2 Kd7 24. Kc2 a5 25. f3 Rhe8 26. Re1 g6 27. e4 h5 28. Nb2 (28. Bc1 $11) 28... Bg7 (28... h4 $17 29. g4 g5) 29. Na4 g5 30. Bc1 g4 31. Bf4 Rb5 $1 32. fxg4 hxg4 33. Nb6+ Kd8 34. e5 Rh8 35. Re2 Bf8 36. Rf2 Be7 37. Bd2 Rh7 38. Na4 Kd7 39. Nb6+ Ke6 40. Na4 $2 {[#]} (40. c4 $17 dxc4 41. Nxc4) 40... f5 $2 ({Black should play} 40... Rb8 $1 $19 {Strongly threatening ...Rbh8.} 41. c4 dxc4) 41. exf6 $1 $15 Bxf6 42. Re2+ Kf5 {White must now prevent ...Rb8.} 43. Nb6 Re7 44. Rf2+ Kg6 45. Rf4 Re4 $2 {[%mdl 8192] [#]} (45... Re2 $15 {stays ahead.} 46. Rxg4+ Kf7) 46. Rxe4 $2 (46. c4 $1 $18 {[%cal Rc4b5]} Rxf4 47. cxb5) 46... dxe4 $18 {[%mdl 4096] Endgame KRB-KBN. The position is equal.} 47. c4 Rb4 $1 48. Bxb4 axb4 $11 {KB-KN} 49. d5 e3 50. Kd3 b3 {( -> ...b2)} 51. Na4 ({Don't blunder} 51. dxc6 $2 b2 $19) 51... b2 {[#]} 52. Nxb2 $1 {[%mdl 512]} Bxb2 53. dxc6 {Threatens to win with c7. KB-KP} Be5 54. Kxe3 Kf5 55. Kd3 Kf6 56. Ke4 Ke6 57. Kd3 Ke7 58. Ke3 Kf7 59. Kd3 Ke7 60. Ke2 Kd8 61. Ke3 Ke7 62. Ke4 Ke6 63. Kd3 Ke7 64. Ke3 Kf7 65. Kf2 Ke7 66. Kg2 Kd8 67. h3 gxh3+ 68. Kxh3 Kc7 {Precision: White = 47%, Black = 45%.} 1/2-1/2

[Event "RUS-chT Blitz Men 2018"]
[Site "Sochi"]
[Date "2018.10.10"]
[Round "2"]
[White "Paravyan, David"]
[Black "Artemiev, Vladislav"]
[Result "1/2-1/2"]
[WhiteElo "2629"]
[BlackElo "2706"]
[Annotator "TA"]
[PlyCount "106"]
[EventDate "2018.10.10"]
[EventType "swiss"]
[EventCountry "RUS"]
[SourceTitle "playchess.com"]
[Source "ChessBase"]
[SourceQuality "1"]

{[%evp 23,106,0,9,4,2,0,15,0,15,0,0,0,16,15,24,40,31,29,40,25,67,38,39,33,47,36,58,0,0,0,0,-31,-31,-31,-31,-31,0,0,0,0,0,-13,-13,-13,0,0,0,0,0,0,0,-8,-8,-9,-9,-16,-24,-31,0,0,0,0,0,0,0,0,0,0,0,0,0,0,0,0,0,0,0,0,0,0,0,0,0,0,0]} 1. d4 Nf6 2. c4 g6 3. Nc3 d5 4. cxd5 Nxd5 5. e4 Nxc3 6. bxc3 Bg7 7. Nf3 c5 8. Bb5+ Nc6 9. O-O O-O 10. Be3 Bg4 11. Bxc6 bxc6 12. Rc1 {D85: Exchange Grünfeld: Unusual White 7th moves and lines with 7 Nf3} Qa5 {LiveBook: 3 Games} 13. Qc2 (13. Qe2 Rfd8 14. Rfd1 Rd7 15. h3 Bxf3 16. Qxf3 Qxa2 17. dxc5 Rad8 18. Rxd7 Rxd7 19. e5 Qe6 20. Bd4 Bxe5 21. Re1 Bh2+ 22. Kf1 Qc4+ 23. Re2 e5 24. Qxc6 Rd5 {0-1 (24) Vorontsov,P (2578)-Hilby,C (2420) Irving 2018}) 13... Bxf3 14. gxf3 c4 $146 ({Predecessor:} 14... f5 15. exf5 Rxf5 16. Qb3+ Kh8 17. Qb7 Rff8 18. dxc5 Qxa2 19. Qxc6 Qc4 {½-½ (40) Pechwitz,G (2237)-Hechler,G (2422) GER corr 1999}) 15. Qe2 Qa4 16. Rb1 Rab8 17. Rfc1 Rfd8 18. e5 e6 19. Rb4 $36 {[%mdl 2048] Black is under pressure.} Rxb4 20. cxb4 Qxb4 21. Qxc4 Qa5 22. a4 Rc8 23. Rb1 Qd8 24. Rb7 a5 25. Kg2 (25. Qa6 $14) 25... Bf8 $1 $11 26. Bd2 c5 27. Be3 {[%cal Rd4c5]} (27. Qb5 {looks sharper.} cxd4 28. Rd7 Qe8 29. Bxa5 Rb8 30. Qc6) 27... cxd4 28. Qxd4 Qxd4 29. Bxd4 $15 {[%mdl 4096] Endgame KRB-KRB} Kg7 30. Bb6 Rc4 31. Bxa5 Rxa4 32. Bd2 h6 33. f4 Ba3 34. Be3 Rc4 35. Kf3 Rc3 36. Ke4 Bc1 37. Bxc1 Rxc1 $11 {KR-KR} 38. Kf3 Rc3+ 39. Kg2 $1 Rc4 40. Kg3 Re4 41. Kf3 {The position is equal.} Rd4 42. h4 Rd1 43. Kg2 Re1 44. Ra7 Rd1 45. Rb7 Rd8 46. Ra7 Kf8 47. Rb7 Ke8 48. Ra7 Rd4 49. Kg3 Rd7 50. Ra8+ Ke7 51. Rh8 Rd3+ 52. Kg2 Rd4 53. Kg3 h5 {Precision: White = 75%, Black = 58%.} 1/2-1/2

[Event "RUS-chT Blitz Men 2018"]
[Site "Sochi"]
[Date "2018.10.10"]
[Round "2"]
[White "Ponkratov, Pavel"]
[Black "Triapishko, Alexandr"]
[Result "1-0"]
[WhiteElo "2628"]
[BlackElo "2508"]
[Annotator "TA"]
[PlyCount "123"]
[EventDate "2018.10.10"]
[EventType "swiss"]
[EventCountry "RUS"]
[SourceTitle "playchess.com"]
[Source "ChessBase"]
[SourceQuality "1"]

{[%evp 22,123,22,26,31,36,45,45,47,45,48,49,71,45,49,39,47,49,68,64,90,0,0,0,86,0,0,-11,-2,-27,-19,-18,-20,-29,0,0,0,-78,0,-16,-10,-14,25,-8,0,0,-5,-8,-9,-16,0,0,10,0,0,-22,-18,-72,-70,-66,-75,-80,99,98,105,102,96,114,97,37,48,0,324,318,308,268,522,493,902,902,902,822,29973,29976,29975,29976,29975,0,8,8,29973,29975,29981,29982,29982,29983,29983,29984,29984,29985,29985,29986,29986,29987]} 1. c4 Nf6 2. Nc3 c5 3. Nf3 Nc6 4. e3 g6 5. d4 cxd4 6. exd4 d5 7. cxd5 Nxd5 8. Qb3 Nxc3 9. Bc4 Nd5 10. Bxd5 e6 11. Bxc6+ bxc6 12. O-O {[%cal Bh1f1,Bf1c1,Bc1c5][%mdl 32]} Qd5 {A35: Symmetrical English: 2 Nc3 Nc6 3 Nf3} 13. Qe3 (13. Be3 Be7 14. Rfc1 f6 15. Nd2 Kf7 16. Rc2 a5 17. Qc4 Bb7 18. Nb3 Ba6 19. Qxd5 cxd5 20. Nxa5 {½-½ (32) Giri,A (2771)-So,W (2812) Leuven 2017}) 13... Bg7 14. Bd2 O-O {White is slightly better.} 15. Rfc1 Rb8 $146 ({Predecessor:} 15... Rd8 16. Rc5 Qd6 17. Ba5 Rd7 18. Bc3 Bb7 19. Ne5 Bxe5 20. Rxe5 {1-0 (34) Wang,H (2710)-Zuo,Y (2367) Hangzhou 2018}) 16. Rc5 Qd6 17. Bc3 Rb5 18. a4 Rxc5 19. dxc5 Qd5 20. Bxg7 Kxg7 21. Qc3+ (21. b4 $16) 21... f6 $11 22. b4 e5 (22... Ba6 $11) 23. h3 (23. b5 $16) 23... a6 24. Nd2 Be6 25. Re1 Rd8 26. Ne4 $1 Qd3 27. Qb2 Qd4 28. Qa3 Qd3 29. Qa1 (29. Qb2 $11) 29... Qd4 ({Black should play} 29... Rd4 $1 $17 {[%cal Rd4e4]} 30. Nd6 Qd2) 30. Nd6 {Qxd4 is the strong threat.} Qxa1 31. Rxa1 {[%mdl 4096] Endgame KRB-KRN} Rb8 32. Rb1 (32. b5 $5 axb5 33. axb5 cxb5 34. Ra6 $14) 32... Bd5 33. f3 f5 34. Kf2 Kf6 35. Ke3 Ke6 36. Kd2 f4 37. Kc3 g5 38. Ra1 h5 39. b5 (39. Rh1 $11 {remains equal.}) 39... axb5 $17 40. axb5 cxb5 41. Kb4 {[#]} Bc6 $2 (41... g4 $1 $17 {[%mdl 512] and life is bright.} 42. Ra3 (42. fxg4 hxg4) 42... Ra8) 42. Ra6 $16 Kd5 43. Ne4 Rc8 44. Nxg5 Kd4 {[#]} 45. Nf7 (45. h4 $1 $16) 45... e4 $1 $14 {[%cal Re4e3]} 46. Nd6 Rc7 $2 {[%mdl 8192]} (46... exf3 $11 {and Black stays safe.} 47. gxf3 (47. Nxc8 $2 {perishes.} fxg2 48. Ne7 g1=Q $19) 47... Rc7) 47. fxe4 $18 ({Don't do} 47. Nxe4 $6 Bxe4 48. fxe4 Kxe4 $18) 47... Ke5 48. Nxb5 Bxb5 $2 (48... Rc8 {was called for.} 49. Na7 Rb8+ 50. Kc4 Bxe4) 49. Kxb5 {KR-KR} Rg7 (49... Rb7+ $142 50. Kc4 Kxe4 51. Re6+ Kf5) 50. c6 {[%cal Bc5c6,Bc6c7][%mdl 32]} Rxg2 51. c7 Rb2+ 52. Kc6 Rc2+ 53. Kd7 Rd2+ 54. Kc6 $2 (54. Ke7 {mates} Rc2 55. Re6+ Kd4 56. Kd7 f3 57. c8=Q Rxc8 58. Kxc8 h4 59. Kd7) 54... Rc2+ $11 55. Kb7 Rxc7+ $2 {[%mdl 8192]} (55... f3 $11) 56. Kxc7 {White mates.} Kxe4 {KR-KPP} 57. Re6+ Kf3 58. Rh6 Ke4 59. Rxh5 f3 60. Rh7 Kf4 61. Rf7+ Kg3 {[#]} 62. h4 $1 {Precision: White = 51%, Black = 52%.} 1-0

[Event "RUS-chT Blitz Men 2018"]
[Site "Sochi"]
[Date "2018.10.10"]
[Round "2"]
[White "Alekseev, Evgeny"]
[Black "Dilmukhametov, Artur"]
[Result "1/2-1/2"]
[WhiteElo "2620"]
[BlackElo "2353"]
[Annotator "TA"]
[PlyCount "103"]
[EventDate "2018.10.10"]
[EventType "swiss"]
[EventCountry "RUS"]
[SourceTitle "playchess.com"]
[Source "ChessBase"]
[SourceQuality "1"]

{[%evp 10,103,-12,-19,0,0,0,-8,0,0,19,0,10,14,15,-21,0,0,0,-20,-15,-56,-52,-60,-12,-12,-12,-39,-12,-12,-10,-6,6,-9,-9,-10,-12,-20,11,12,44,44,44,48,53,58,111,92,95,35,40,16,102,93,101,95,137,116,404,404,399,399,404,196,384,148,210,210,204,210,210,191,193,187,205,170,169,169,265,246,231,40,198,198,203,50,52,-58,-58,-53,-53,-53,-53,-53,-20,-21]} 1. e4 e6 2. d4 d5 3. Bd3 dxe4 4. Bxe4 Nf6 5. Bf3 c5 6. Ne2 Nc6 {[%cal Rc5d4] C01: French: Exchange Variation} 7. Be3 cxd4 (7... Nd5 8. Bxd5 Qxd5 9. Nbc3 Qxg2 10. Rg1 Qf3 11. Nb5 Rb8 12. dxc5 Bd7 13. Nc7+ Kd8 14. Nb5 {0-1 (54) Kramnik,V (2808)-Caruana,F (2808) Stavanger 2017}) 8. Nxd4 Ne5 9. Nc3 Be7 10. Ndb5 Nxf3+ (10... Bd7 {feels hotter.} 11. Nd6+ Kf8 12. Bxb7 Rb8 13. Bc5 Qc7) 11. Qxf3 $146 ({Predecessor:} 11. gxf3 Bd7 12. Nd6+ Bxd6 13. Qxd6 Bc6 14. Qa3 {½-½ (50) Espinosa Aranda,A (2422)-Narciso Dublan,M (2482) Linares 2016}) 11... O-O 12. O-O a6 13. Rfd1 Bd7 14. Nd4 Qc7 15. Qg3 Qxg3 16. hxg3 e5 17. Nf3 Bg4 18. Rd2 Bxf3 (18... e4 {is interesting.} 19. Nd4 Bb4 20. Bg5 Nd7 21. Re1 Rfe8) 19. gxf3 Bb4 20. Rd3 Rac8 21. Bd2 Rfd8 22. Rxd8+ Rxd8 23. Be1 b5 24. a4 bxa4 25. Nxa4 Bxe1 26. Rxe1 $11 {[%mdl 4096] Endgame KRN-KRN} Rd2 27. c4 e4 ({Better is} 27... Rd4 $14) 28. fxe4 $16 Ng4 29. Rf1 (29. Rc1 $16 {c5 is the strong threat.} Ne5 30. Rc3) 29... Ne5 $14 30. b3 Rd3 (30... Nd3 $11) 31. Nc5 $16 Rc3 32. Ra1 Nf3+ 33. Kg2 Nd2 $2 {[%mdl 8192] [#]} (33... g5 $16 34. Rxa6 Kg7) 34. Rd1 $18 Rc2 35. Nxa6 f6 36. Nc5 (36. Nb4 $142 Rb2 37. c5 Rxb3 38. Nd5 Nxe4 39. c6) 36... Rb2 $2 (36... h5 {was called for.} 37. Ra1 Kf7 38. Ra7+ Kg6) 37. Rc1 $2 {[#]} (37. e5 $18) 37... Kf7 (37... Nxb3 $16 38. Nxb3 Rxb3) 38. Ra1 Ke7 39. Ra6 h5 40. Re6+ Kf7 41. Rd6 g5 42. e5 fxe5 43. Nd3 Rc2 (43... Ne4 {keeps fighting.}) 44. Nxe5+ Ke7 45. Rd4 $2 (45. Rd3 $18) 45... Ke6 $2 (45... Nxb3 $14 46. Rd5 h4) 46. Nf3 Nxb3 47. Re4+ $2 ({White should play} 47. Rd3 $18 Nc1 48. Nxg5+ Kf6 49. Rd5) 47... Kf6 $14 48. Nd4 (48. Re3 $14 Nd2 49. Nxd2 (49. Re2 Nxf3 50. Kxf3 Rc3+ 51. Kg2 Kf5 $11) 49... Rxd2 50. Rc3) 48... Rxc4 $15 49. Re6+ Kf7 50. Re5 Nxd4 51. Rxg5 Rc2 (51... h4 $5) 52. Rxh5 {Precision: White = 40%, Black = 30%.} 1/2-1/2

[Event "RUS-chT Blitz Men 2018"]
[Site "Sochi"]
[Date "2018.10.10"]
[Round "2"]
[White "Kobalia, Mikhail"]
[Black "Lugovskoy, Maxim"]
[Result "1-0"]
[WhiteElo "2620"]
[BlackElo "2428"]
[Annotator "TA"]
[PlyCount "95"]
[EventDate "2018.10.10"]
[EventType "swiss"]
[EventCountry "RUS"]
[SourceTitle "playchess.com"]
[Source "ChessBase"]
[SourceQuality "1"]

{[%evp 15,95,12,12,12,16,3,6,0,0,0,11,0,6,0,0,-8,0,0,0,-25,0,-6,21,2,10,17,18,0,25,24,48,59,67,46,60,71,67,66,157,177,169,160,233,219,224,203,437,411,1139,1120,1507,1352,2427,2418,2688,2291,29971,29973,29973,29974,29974,29975,29975,29973,29968,29969,9885,4605,5189,3087,2626,2265,29978,29977,29977,29973,29970,29975,29987,29988,29988,29988]} 1. e4 {Pavlovic,M} e6 2. d4 d5 3. Nc3 Bb4 4. e5 c5 5. a3 Bxc3+ 6. bxc3 Qa5 7. Bd2 Qa4 8. Qb1 c4 9. Be2 {C18: French: 3 Nc3 Bb4: Main line: 7 h4 and 7 Qg4} Nc6 10. h4 Bd7 11. h5 {The position is equal.} h6 12. Nf3 O-O-O 13. Qd1 $146 ({Predecessor:} 13. Nh4 Nge7 14. Qc1 Rdf8 15. Bf4 Qa5 16. Bd2 g5 {0-1 (38) Radjabov,T (2739)-Kovalenko,I (2694) Reykjavik 2015 CBM 170 [Pavlovic,M]}) 13... Nge7 14. Bf4 Kb8 15. Qd2 Ka8 16. g3 Rde8 17. Bf1 {[%cal Be2f1,Bf1g2,Bg2f3][%mdl 32]} f6 18. Bg2 f5 19. Nh4 Reg8 20. Bf3 Be8 21. Be3 a6 22. Ng2 g5 23. hxg6 $1 Nxg6 24. Nh4 ({Worse is} 24. Rxh6 f4 $17) 24... f4 25. Bxf4 Nxf4 26. gxf4 Bg6 (26... Ne7 $14) 27. Nxg6 $16 Rxg6 {[#]} 28. f5 $1 {[%cal Rf5g6][%mdl 512]} Rg5 (28... exf5 $16 29. Bxd5 Rd8) 29. f6 $18 {Qxg5! is the strong threat.} Rhg8 30. Ke2 {[%cal Be1e2,Be2f1,Bf1g2][%mdl 32]} Qa5 $2 (30... Nxe5 31. dxe5 Rxe5+ 32. Kf1 Rf5) 31. Rxh6 Qb6 (31... Qd8 $142 32. f7 Rf8 33. Rxe6 Rxf7) 32. f7 Qb2 33. Qxg5 Rb8 34. Qg8 Qxc2+ 35. Kf1 Qxc3 36. f8=Q Qxa1+ 37. Kg2 Qxd4 {[#]} 38. Qxb8+ $3 Nxb8 39. Rxe6 Ka7 40. Re8 Nc6 41. Qxd5 Qxd5 42. Bxd5 c3 43. Be4 b5 44. Rc8 {White mates.} Nxe5 45. Rxc3 Kb6 46. f4 Nf7 47. Bd5 Nd8 48. Rc8 {Precision: White = 42%, Black = 32%.} 1-0

[Event "RUS-chT Blitz Men 2018"]
[Site "Sochi"]
[Date "2018.10.10"]
[Round "2"]
[White "Romanov, Evgeny"]
[Black "Pogromsky, Mikhail"]
[Result "1-0"]
[WhiteElo "2614"]
[BlackElo "2415"]
[Annotator "TA"]
[PlyCount "95"]
[EventDate "2018.10.10"]
[EventType "swiss"]
[EventCountry "RUS"]
[SourceTitle "playchess.com"]
[Source "ChessBase"]
[SourceQuality "1"]

{[%evp 9,95,10,16,16,9,-17,63,6,12,0,0,-74,-70,-77,-76,-73,-87,-82,-67,-152,25,-31,-30,-36,67,76,174,160,364,346,416,150,137,27,154,175,329,311,396,381,379,372,687,692,691,681,618,648,754,753,748,733,827,812,804,804,808,829,885,868,1251,783,764,759,759,746,726,632,696,638,602,588,568,576,697,544,1165,595,602,626,652,634,653,640,798,803,6027,5703]} 1. d4 Nf6 2. Bg5 b6 3. Bxf6 gxf6 (3... exf6 4. e3 Bb7 5. Nf3 d5 6. g3 Be7 7. Bg2 O-O 8. O-O Re8 9. Nfd2 c6 10. c4 dxc4 11. Nxc4 {1-0 (57) Demidov,M (2497)-Mozharov,M (2573) Moscow 2015}) 4. e4 Bb7 5. Nd2 e6 6. Ngf3 {A45: Trompowsky Attack} c5 7. d5 $146 ({Predecessor:} 7. c3 Rg8 8. Qb3 cxd4 9. cxd4 Bh6 10. g3 Nc6 11. Rd1 {½-½ (66) Dumitrescu,D (2380)-Khmelnitsky,S (2305) Bucharest 1997}) 7... Bg7 (7... exd5 $11 8. exd5 Bxd5) 8. c4 (8. Nc4 $14 O-O 9. Nd6) 8... O-O $11 9. Bd3 f5 10. exf5 (10. O-O $11) 10... exd5 $17 11. O-O dxc4 12. Nxc4 {Black should prevent Nd6.} d5 13. Nce5 Nc6 14. Ng4 (14. Re1 $15) 14... c4 $2 (14... h5 $17 15. f6 hxg4 16. fxg7 Re8) 15. Bc2 (15. Bb1 $11 Bf6 16. Nxf6+ Qxf6 17. Qxd5) 15... d4 {And now ...d3 would win.} ({Of course not} 15... Bxb2 $6 16. f6 $1 $14 {[%mdl 512]}) 16. Be4 b5 ({Black should try} 16... Re8 $15 17. Bxc6 Bxc6) 17. Qd2 $14 Re8 (17... Qd7 $16) 18. Rfe1 $18 Rxe4 $2 (18... f6 $16 {is a better defense.}) 19. Rxe4 c3 20. Qf4 $2 (20. Nh6+ $18 {and White stays clearly on top.} Kf8 21. bxc3) 20... cxb2 $16 {[#]} 21. Rb1 (21. Rd1 $1 $16 Nb4 22. Rexd4 Bxd4 23. Nxd4) 21... Ne7 (21... Nb4 $1 $11 {remains equal.} 22. f6 Bxe4 23. Rxb2 (23. Qxe4 Qd5 $11) 23... Bxf3) 22. Ree1 $36 {[%mdl 2048] aiming for Qg5. White is on the roll.} Nd5 $2 (22... d3 {might work better.}) 23. Qg3 $18 Kh8 24. Nge5 ({Don't take} 24. Rxb2 Nc3 $18) 24... Qf6 25. Ng5 Rf8 $2 (25... Kg8 26. Rxb2 b4 27. Ngxf7 Re8) 26. Nd7 {White is clearly winning.} Qxf5 {Hoping for ...Nc3.} 27. Nxf8 Bxf8 28. Rxb2 {Re8 is the strong threat.} Bc6 29. Qe5+ Qxe5 30. Nxf7+ Kg7 31. Nxe5 Be8 32. Nf3 Bd7 33. Nxd4 b4 34. Rd2 Kf7 35. Nb3 Be6 36. g3 Nc3 37. f4 Bg7 38. Kf2 Bf5 39. Nd4 Ne4+ 40. Rxe4 Bxe4 {[%mdl 4096] Endgame KRN-KB} 41. Ke3 Bd5 42. Nb5 Bc4 43. Nxa7 Bc3 44. Rc2 Ke6 45. Nc8 Bb5 46. Nb6 Kd6 {[#]} 47. a3 $1 {[%cal Ba2a3,Ba3b4][%mdl 32]} Kc5 (47... bxa3 48. Rxc3) 48. axb4+ {Precision: White = 50%, Black = 22%.} 1-0

[Event "RUS-chT Blitz Men 2018"]
[Site "Sochi"]
[Date "2018.10.10"]
[Round "2"]
[White "Yuffa, Daniil"]
[Black "Timofeev, Artyom"]
[Result "0-1"]
[WhiteElo "2563"]
[BlackElo "2580"]
[Annotator "TA"]
[PlyCount "98"]
[EventDate "2018.10.10"]
[EventType "swiss"]
[EventCountry "RUS"]
[SourceTitle "playchess.com"]
[Source "ChessBase"]
[SourceQuality "1"]

{[%evp 16,98,0,-30,-35,-51,-48,-68,-43,-51,-43,-43,-41,-46,-27,-108,-72,-79,-82,-118,-96,-113,-121,-104,-89,-98,-77,-93,-77,-111,-106,-214,-28,-62,-12,-14,-21,-72,-73,-120,-73,-86,-43,-87,-89,-139,-133,-152,-143,-210,-186,-235,-173,-214,-196,-221,-212,-208,-215,-354,-354,-530,-464,-450,-160,-566,-563,-543,-516,-634,-642,-1065,-1064,-29986,-29987,-29986,-29987,-29986,-29987,-29991,-29992,-29992,-29993,-29994,-29982]} 1. Nf3 c5 2. g3 g6 3. Bg2 Bg7 4. O-O Nc6 5. d3 e6 6. Nbd2 Nge7 7. e4 O-O 8. Re1 d5 9. Nf1 {LiveBook: 9 Partien} e5 {A08: Königsindisch im Anzug} (9... dxe4 10. dxe4 Qxd1 11. Rxd1 Nd4 12. c3 Ne2+ 13. Kh1 Nxc1 14. Raxc1 b6 15. Ne3 Ba6 16. Rd7 Nc6 17. Bf1 {½-½ (37) Naroditsky,D (2601)-Yu,Y (2697) Las Vegas 2014}) 10. a4 d4 11. N1d2 h6 {Schwarz steht etwas besser.} 12. Nc4 Be6 13. Nfd2 Qc7 $146 ({Vorgänger:} 13... Qd7 14. Rb1 Bh3 15. Nb3 b6 {1-0 (32) Vinokurov,A (2369)-Molchanov,M Nikolaev 2004}) 14. Rf1 Rae8 15. c3 (15. Nb3 $11) 15... Kh7 16. cxd4 Nxd4 17. b3 Rd8 18. Bb2 Ndc6 19. Nf3 Rd7 20. Qe2 Rfd8 21. Rfd1 b6 22. Rd2 a6 23. a5 (23. Qd1 $17) 23... bxa5 $2 {[#]} (23... b5 $19 24. Nb6 Rd6) 24. Bc3 $11 Bxc4 25. bxc4 Nb4 26. Rad1 (26. Bh3 $11) 26... Nec6 $17 27. h4 Rd6 28. h5 Qd7 29. hxg6+ fxg6 30. Kh2 a4 ({Nicht} 30... Rxd3 $2 31. Bxb4 Nxb4 32. Rxd3 $18) 31. Bh3 Qf7 32. Bg4 (32. Qe3 $17) 32... a3 33. Kg2 Kg8 34. Ra1 a2 ({Keinesfalls} 34... Rxd3 35. Rxa3 Rxd2 36. Bxd2 $17) 35. Rdxa2 Nxa2 36. Rxa2 Nb4 37. Ra5 (37. Bxb4 {ist wohl besser.} cxb4 38. Ra5) 37... Nxd3 $19 38. Qe3 (38. Ne1 {kämpft weiter.} h5 39. Bf3) 38... Qxc4 39. Ra3 Qf7 $2 (39... h5 $19 {bietet bessere Gewinnchancen.} 40. Bh3 Nb4 41. Bxe5 Nc2) 40. Nh4 $2 (40. Ba5 $17 {war die entscheidende Verteidigung.} R8d7 41. Bxd7 Qxd7 {[#]} 42. Bc7 $1 {[%mdl 512]} Qxc7 43. Rxd3) 40... c4 41. Be2 Rf8 {[%cal Rf7f2]} 42. Nf3 g5 {[%cal Bg6g5,Bg5g4][%mdl 32]} 43. Ra5 g4 44. Nxe5 Qxf2+ {Schwarz setzt Matt.} 45. Qxf2 Rxf2+ ({Weniger gut wäre} 45... Nxf2 46. Bxc4+ Kh7 47. Bb4 $11) 46. Kg1 Rxe2 47. Nxc4 Bxc3 48. Rf5 Bd4+ 49. Kh1 Nf2+ {Precision: Weiß = 21%, Schwarz = 51%.} 0-1

[Event "RUS-chT Blitz Men 2018"]
[Site "Sochi"]
[Date "2018.10.10"]
[Round "2"]
[White "Savchenko, Boris"]
[Black "Afanasiev, Nikita"]
[Result "1-0"]
[WhiteElo "2562"]
[BlackElo "2487"]
[Annotator "TA"]
[PlyCount "49"]
[EventDate "2018.10.10"]
[EventType "swiss"]
[EventCountry "RUS"]
[SourceTitle "playchess.com"]
[Source "ChessBase"]
[SourceQuality "1"]

{[%evp 20,49,45,0,16,-16,-11,-14,45,31,44,47,138,131,212,147,158,151,592,587,567,503,548,210,461,455,714,726,2205,2164,2010,1933]} 1. e4 c5 2. Nf3 d6 3. d4 cxd4 4. Nxd4 Nf6 5. Nc3 Nc6 6. Bg5 e6 7. Qd2 a6 8. O-O-O Bd7 9. f4 Be7 10. Nf3 b5 11. Bd3 Rc8 {B68: Sicilian: Richter-Rauzer: 7...a6 8 0-0-0 Bd7 9 f4 Be7} (11... b4 12. Ne2 Qc7 13. Ned4 Nxd4 14. Nxd4 Qb6 15. Nf3 Ng4 16. Bxe7 Kxe7 17. Rde1 Nf2 18. Rhg1 Nxd3+ 19. Qxd3 Rac8 20. Rd1 {½-½ (38) Nayhebaver,M (2456)-Demchenko,A (2671) Lisbon 2018}) 12. g4 $146 ({Predecessor:} 12. e5 b4 13. Ne2 dxe5 14. fxe5 Nd5 15. Bxe7 Qxe7 16. Nf4 O-O 17. Be4 b3 18. Bxd5 bxc2 19. Rde1 exd5 20. Nxd5 {0-1 (35) Rodin,M (2366)-Tseitlin,M (2455) Moscow 2004}) 12... h6 ({Of course not} 12... Nxg4 $6 13. Bxe7 Nxe7 14. Rhg1 $16) 13. Bxf6 gxf6 (13... Bxf6 $11 14. Kb1 Bxc3 15. bxc3 Ne7) 14. h4 Qb6 15. Kb1 Na5 (15... Kd8 $14) 16. g5 $16 Rg8 (16... Rc7 $16) 17. gxf6 Bxf6 {[#]} 18. e5 $1 {[%cal Re5f6]} Bd8 $2 (18... Bc6 $16) 19. Ne4 $18 Nb7 20. Rhg1 Rf8 21. Rde1 $2 (21. exd6 Nc5 {[#]} 22. f5 $1 {[%mdl 512]}) 21... dxe5 $2 (21... d5 {was worth a try.}) 22. Nxe5 {[%cal Bf3e5,Be5c4,Bc4b6][%mdl 32] White is clearly winning.} Rc7 {[#]} (22... Qa5 $142 23. Qxa5 Bxa5 24. Nf6+ Ke7 25. Nfxd7 Bxe1 26. Nxf8 (26. Rxe1 Rfd8 $18) 26... Bf2) 23. f5 $1 {[%mdl 512]} exf5 {[#]} 24. Nc4 $1 {[%cal Re4f6][%mdl 512]} fxe4 (24... bxc4 25. Nf6#) 25. Nxb6 {Precision: White = 73%, Black =  8%.} 1-0